| 000 | 00597cab a2200205 4500 | ||
|---|---|---|---|
| 001 | WB3142-31 | ||
| 008 | 090401t1995 xxu||||| |||| 00| 0 eng d | ||
| 035 | _a(Sirsi) u22105 | ||
| 041 | _aeng | ||
| 245 | _aBargains that come of blight | ||
| 260 | _c1995 | ||
| 350 | _a0 | ||
| 490 |
_aIndependent _vSunday Review, 5 November 1995, 82(1) |
||
| 520 | _aLooks at how perceived blights to property can mean a bargain when buying. | ||
| 650 | _aBLIGHT | ||
| 650 | _aPROPERTY VALUES | ||
| 690 | _aPROPERTY-RESIDENTIAL PROPERTY-RESIDENTIAL PROPERTY MARKET | ||
| 942 | _n0 | ||
| 948 | _c04/03/1997 | ||
| 999 |
_c14801 _d14801 |
||